| 000 | 01074nac a22002771u 4500 | ||
|---|---|---|---|
| 010 | _a 2006927781 | ||
| 020 | _a0470072695 (pbk.) | ||
| 020 | _a9780470072691 (pbk.) | ||
| 035 | _a(OCoLC)ocm77010525 | ||
| 082 | 0 | 4 |
_a004.6 _bTID. |
| 090 |
_c5194 _d5194 |
||
| 100 | _aTidrow, Rob. | ||
| 245 | 1 | 0 |
_aTeach yourself visually wireless networking / _cby Rob Tidrow. |
| 246 | 3 | 0 | _aWireless networking |
| 250 | _a2nd ed. | ||
| 260 |
_aHoboken, NJ : _bWiley Pub.,c2006. _cc2006. |
||
| 300 |
_a289 p. : _bcol. ill., col. maps ; _c24 cm. |
||
| 440 | 0 | _aVisual read less, learn more | |
| 500 | _aPrevious ed. by Todd W. Carter and Paul Whithead. | ||
| 500 | _aIncludes index. | ||
| 520 | _aA guide to wireless computer networks cover such topics as installing hardware, configuring networks, creating computer-to-computer networks, administering wireless networks, and network security. | ||
| 650 | 0 | _aWireless communication systems. | |
| 650 | 0 | _aComputer networks. | |
| 700 | 1 | _aCarter, Todd W. | |
| 942 |
_cBB _k004.6TID. |
||
| 999 |
_c5194 _d5194 |
||